000
00269nam a2200133Ia 4500
100
_a
Woods.P.F
942
_c
BK
654
_a
Welding
245
_a
Production Welding
260
_b
McGraw Hill
_a
London
_c
1971
082
_a
671.52
300
_a
210
546
_a
ENGLISH
999
_c
27379
_d
27379